000 00314nam a22001457a 4500
008 230913b ||||| |||| 00| 0 eng d
020 _a9027719667
041 _aeng
080 _a521
082 _a521EGG
100 _a19
101 _aASTRO
245 _aINTERACTING BINARIES
_cEGGLETON.P.P
942 _2udc
_cBK
999 _c60362
_d60362